Zákon o revitalizácii podnikov

Zákon NR SR č.211/1997 Z.z. z 2. júla 1997 o revitalizácii podnikov a o zmene a doplnení niektorých zákonov. Podmienky revitalizácie. Formy revitalizácie podnikov a postup. Dôvodová správa k zákonu.

Guardado en:
Detalles Bibliográficos
Formato: Capítulo de libro
Lenguaje:eslovaco
Materias:
Etiquetas: Agregar Etiqueta
Sin Etiquetas, Sea el primero en etiquetar este registro!

MARC

LEADER 00000naa a2200000 4500
001 r027759
005 20230912110325.3
041 0 |a slo 
044 |a SK 
245 1 0 |a Zákon o revitalizácii podnikov 
520 |a Zákon NR SR č.211/1997 Z.z. z 2. júla 1997 o revitalizácii podnikov a o zmene a doplnení niektorých zákonov. Podmienky revitalizácie. Formy revitalizácie podnikov a postup. Dôvodová správa k zákonu. 
610 2 0 |a zákony 
610 2 0 |a Slovensko 
610 2 0 |a 1997 
610 2 0 |a oživenie 
610 2 0 |a podnik 
610 2 0 |a pohyb cyklický hospodárstva